• 首页
  • 本馆介绍
  • 公告通知
  • 最新文献
  • 馆藏检索
  • 电子资源
  • 读者导购
  • 参考咨询
  • 我的图书馆
  • 登录
  • 详细信息显示
  • 放入我的书架
  • 预约/预借图书
  • 作者相关作品
  • 分类相关作品
  • 丛书相关作品
  • 出版社相关作品

书目信息

  • 表格格式
  • 工作单格式
  • 卡片格式
题名:
班主任工作技能训练
    
 
作者: 甘霖 著
分册:  
出版信息: 上海   华东师范大学出版社  1995
页数: 255页
开本: 20cm
丛书名:
单 册:
中图分类: G651
科图分类:
主题词: 教育--各级
电子资源:
ISBN: 7-5617-1463-7
000 00516nam0 2200181 450
001 0732828906
005 20070903090708.90
010    @a7-5617-1463-7@d¥7.80
100    @a20070903d km y0chiy0120 ea
101 0  @achi
200 1  @a班主任工作技能训练@Aban zhu ren gong zuo ji neng xun lian@f甘霖著@Fgan lin zhu
210    @a上海@c华东师范大学出版社@d1995
215    @a255页@d20cm
606 0  @a教育@x各级
690    @aG651@v3
701  0 @a甘霖@Agan lin@4著
801  0 @aCN@bPFT@c20070903
905    @a213230@dG651@eS65@f1
    
    班主任工作技能训练/甘霖著.-上海:华东师范大学出版社,1995
    255页;20cm
    
    
    ISBN 7-5617-1463-7:¥7.80
    
●
相关链接 在E读中查询图书 在五车中查询图书 在当当中查询图书 在豆瓣中查询图书


正题名:班主任工作技能训练     索取号:G651/S65         预约/预借

序号 登录号 条形码 馆藏地/架位号 状态 备注
1 6703316   267033168   密集书库-数信学院/ [索取号:G651/S65] 在馆    
2 6703317   267033177   密集书库-数信学院/ [索取号:G651/S65] 在馆    
3 6703318   267033186   密集书库-数信学院/ [索取号:G651/S65] 在馆    
唐山师范学院图书馆 欢迎您!
大连网信软件有限公司© 版权所有